Statistics for Census Divisions of Ontario

Click here to take the quiz!

General Stats

  • This quiz has been taken 440 times
  • The average score is 23 of 49

Answers on the Map

Answers color-coded by a green-red scale on the quiz's map according to % correct below.
 

Answer Stats

Census Divisions% Correct
Toronto
94%
Ottawa
87%
Hamilton
84%
Niagara
84%
Thunder Bay
80%
Greater Sudbury
78%
Sudbury
77%
York
71%
Peel
69%
Waterloo
65%
Durham
60%
Essex
57%
Halton
56%
Muskoka
55%
Bruce
54%
Kenora
54%
Simcoe
54%
Chatham-Kent
50%
Peterborough
47%
Manitoulin
46%
Prince Edward County
46%
Brant
44%
Kawartha Lakes
44%
Haldimand-Norfolk
43%
Huron
42%
Middlesex
40%
Grey
37%
Nipissing
36%
Rainy River
36%
Dufferin
35%
Parry Sound
35%
Wellington
34%
Perth
33%
Algoma
32%
Renfrew
31%
Haliburton
30%
Lambton
30%
Oxford County
30%
Stormont, Dundas and Glengarry
29%
Northumberland
28%
Hastings
27%
Leeds and Grenville
27%
Frontenac
26%
Cochrane
23%
Elgin
23%
Lanark
23%
Prescott and Russell
23%
Lennox and Addington
22%
Timiskaming
20%

Score Distribution

Percentile by Number Answered

Percent of People with Each Score

Your Score History

You have not taken this quiz